000
00241nam a22001097a 4500
041
_a
ENG
245
_a
Essays For Toefl/ Lelts
260
_a
Delhi
_b
Deeamtech
_c
2005
300
_a
262
650
_a
Competitive (47)
856
_u
Competitive (47)
999
_c
3085
_d
3085